000
00292nam a22001337a 4500
008
170808b xxu||||| |||| 00| 0 eng d
020
_a
9780072263442
041
_a
eng
080
_2
2ND
_a
004
100
_a
34
101
_a
SHK
245
_a
3G WIRELESS NETWORKS
_c
SMITH,C
942
_2
udc
_c
BK
999
_c
22887
_d
22887